| 000 | 01344nam a22002777i 4500 | ||
|---|---|---|---|
| 999 |
_c23400 _d23400 |
||
| 003 | AR-CdUCM | ||
| 008 | 250909b20242024 pe||||| |||| 00| 0 spa d | ||
| 020 | _a978-612-4392-66-5 | ||
| 040 |
_aMUNICIPALIDAD PROVINCIAL DEL CUSCO _cBIBLIOTECA MUNICIPAL DEL CUSCO |
||
| 041 | _hspa | ||
| 082 |
_a306 / T _bT |
||
| 245 |
_aTinkuy 40 años - Estudios sobre la cultura andina : _b Homenaje a Jorge Flores Ochoa / |
||
| 260 |
_aCusco . _bUniversida Andina del Cusco _c2024 |
||
| 300 |
_a365 páginas. : _c24x17 cm. |
||
| 500 | _z | ||
| 505 | _aEl Inca Garcilaso de la Vega -- La danza ritual -- Evolución histórica de la tenencia de tierras en el santuario histórico, Parque Arqueológico Nacional de Machupicchu -- Qoa, amaru, titi: la representación simbólica de deidades de la lluvia -- Simbolismo y continuidad inca y preinca en el culto a la Mamacha Belén del Cusco -- La enseñanza de Manuel Chávez Ballón -- El Qosqo inka, una aproximación a la ideología andina -- Gestión del patrimonio cultural | ||
| 650 |
_aTinkuy _949187 |
||
| 650 |
_aInca Garcilaso _96516 |
||
| 650 |
_aYunkiño _951548 |
||
| 650 |
_aQoa Amaru _951549 |
||
| 650 |
_aInfluencia de Jorge Flores Ochoa _951550 |
||
| 650 |
_aQosqo inka _951551 |
||
| 856 | _fwww.uandina.edu.pe | ||
| 942 |
_2ddc _cLIBROS |
||
| 945 |
_apbjr _d9-09-2025 |
||